000 00688nam a2200181Ia 4500
008 090124s9999 xx 000 0 und d
082 _b20316
_a1515
100 _aभिडे रामकृष्ण गोपाळ ( अभिराग )
245 _a स्वातंत्र्य - दीप
250 _a1
260 _c1924
300 _a8+144
600 _aभिडे रामकृष्ण गोपाळ ( अभिराग )
630 _a स्वातंत्र्य - दीप
700 _aभिडे रामकृष्ण गोपाळ ( अभिराग )
730 _a स्वातंत्र्य - दीप
942 _cBOOK
999 _c134122
_d134122